| 000 | 00563nam a2200181Ia 4500 | ||
|---|---|---|---|
| 005 | 20230314113144.0 | ||
| 008 | 210716s1985 xx 000 0 und d | ||
| 040 | _cAIMIT LIBRARY | ||
| 041 | _aeng | ||
| 082 |
_a005.133 _22 _bBISN |
||
| 100 |
_aBiswas, Nripendra N. _975340 |
||
| 245 |
_aFortran IV computer programming / _cBy Nripendra. N Biswas. |
||
| 250 | _a2nd ed. | ||
| 260 |
_aNew Delhi : _bAffiliated East- West Press Ltd, _c1985. |
||
| 300 |
_axii,229p. ; _bPB _c23 cm. |
||
| 650 |
_aProgramming Language _975341 |
||
| 942 |
_2ddc _cBK _e2nd _k005.133 BISN |
||
| 999 |
_c180524 _d180524 |
||